[Event "Moscow op (Women) 16th"]
[Site "Moscow"]
[Date "2020.02.02"]
[Round "9"]
[White "Mikheeva, Galina"]
[Black "Strukova, Ksenia"]
[Result "1/2-1/2"]
[WhiteElo "1895"]
[BlackElo "2043"]
[PlyCount "81"]
[EventDate "2020.01.25"]
[EventType "swiss"]
[EventRounds "9"]
[EventCountry "RUS"]
[SourceTitle "CBM 194 Extra"]
[Source "ChessBase"]
[SourceDate "2020.03.31"]
[SourceVersion "1"]
[SourceVersionDate "2020.03.31"]
[SourceQuality "1"]

1. e4 c5 2. Nf3 e6 3. b3 b6 4. Bb2 Bb7 5. e5 Nc6 6. Bd3 d5 7. exd6 Nf6 8. 0-0 Bxd6 9. Nc3 a6 10. Ne4 Be7 11. a3 Qc7 12. Qe2 Nxe4 13. Bxe4 Bf6 14. Ne5 Bxe5 15. Bxe5 Nxe5 16. Bxb7 Qxb7 17. Qxe5 0-0 18. Rae1 Rad8 19. d3 Rd5 20. Qe4 Qd7 21. f4 b5 22. Rf3 Rd4 23. Qe2 Rd8 24. f5 exf5 25. Rxf5 c4 26. Re5 g6 27. dxc4 bxc4 28. bxc4 Rd2 29. Re8+ Rxe8 30. Qxe8+ Qxe8 31. Rxe8+ Kg7 32. Ra8 Rxc2 33. Rxa6 Rxc4 34. Kf2 Rc2+ 35. Kf3 h5 36. a4 Ra2 37. a5 Ra3+ 38. Kf4 Ra2 39. Kf3 Ra3+ 40. Kf2 Ra2+ 41. Kf3 1/2-1/2

[Event "Moscow op (Women) 16th"]
[Site "Moscow"]
[Date "2020.01.27"]
[Round "3"]
[White "Strukova, Ksenia"]
[Black "Lysenko, Margarita"]
[Result "1/2-1/2"]
[WhiteElo "2043"]
[BlackElo "2290"]
[PlyCount "76"]
[EventDate "2020.01.25"]
[EventType "swiss"]
[EventRounds "9"]
[EventCountry "RUS"]
[SourceTitle "CBM 194 Extra"]
[Source "ChessBase"]
[SourceDate "2020.03.31"]
[SourceVersion "1"]
[SourceVersionDate "2020.03.31"]
[SourceQuality "1"]

1. e4 c5 2. Nf3 d6 3. d4 cxd4 4. Nxd4 Nf6 5. Nc3 a6 6. h3 e5 7. Nb3 Be6 8. f4 b5 9. Be3 Nbd7 10. f5 Bc4 11. Bxc4 bxc4 12. Nd2 Rc8 13. Qf3 Qa5 14. 0-0 h5 15. Rfd1 Be7 16. a3 Qc7 17. Qe2 Qc6 18. Bf2 Bd8 19. Nf3 Bb6 20. Re1 Ba5 21. Rad1 Bxc3 22. bxc3 Nc5 23. Nd2 Na4 24. Qe3 0-0 25. Bh4 Qc5 26. Bxf6 gxf6 27. Rb1 Nxc3 28. Qxc5 Rxc5 29. Rb6 Rd8 30. Rxa6 d5 31. exd5 Rdxd5 32. Nf1 Ra5 33. Rxa5 Rxa5 34. Ne3 Rxa3 35. Nxc4 Ra4 36. Ne3 Re4 37. Kf2 Rf4+ 38. Kg1 Re4 1/2-1/2

[Event "Eurasia Cup op"]
[Site "Ekaterinburg"]
[Date "2019.08.08"]
[Round "8"]
[White "Strukova, Ksenia"]
[Black "Mukhina, Jana"]
[Result "1-0"]
[WhiteElo "1857"]
[BlackElo "2090"]
[PlyCount "85"]
[EventDate "2019.07.31"]
[EventType "swiss"]
[EventRounds "9"]
[EventCountry "RUS"]
[SourceTitle "CBM 191 Extra"]
[Source "ChessBase"]
[SourceDate "2019.09.30"]
[SourceVersion "1"]
[SourceVersionDate "2019.09.30"]
[SourceQuality "1"]

1. e4 e5 2. Nf3 Nc6 3. Bc4 Bc5 4. d3 Nf6 5. 0-0 0-0 6. a4 a6 7. c3 d5 8. exd5 Nxd5 9. a5 Bg4 10. Nbd2 Nf6 11. Re1 Qd6 12. b4 Ba7 13. Ba3 Qd7 14. b5 axb5 15. Bxb5 Rfe8 16. Qa4 Qf5 17. Bxc6 bxc6 18. d4 e4 19. Ne5 Rxe5 20. dxe5 Bxf2+ 21. Kh1 Bxe1 22. Rxe1 Qf2 23. Rg1 Qxd2 24. exf6 Qxc3 25. Qxe4 h5 26. Qe7 Qxa5 27. Bc5 Qd2 28. fxg7 Qd7 29. Qe3 Kxg7 30. Bd4+ Kh7 31. Qe4+ f5 32. Qxc6 Qxd4 33. Qxa8 c5 34. Re1 Qd6 35. Qb7+ Kg6 36. h3 Qd2 37. Qc6+ Kg5 38. Qe6 Bd1 39. Qe7+ Kf4 40. Qh4+ Bg4 41. hxg4 fxg4 42. Rf1+ Ke3 43. Qg3+ 1-0

[Event "EU-ch U16 Girls 28th"]
[Site "Riga"]
[Date "2018.08.26"]
[Round "6"]
[White "Strukova, Ksenia"]
[Black "Jarocka, Liwia"]
[Result "0-1"]
[WhiteElo "1967"]
[BlackElo "2013"]
[PlyCount "78"]
[EventDate "2018.08.20"]
[EventType "swiss"]
[EventRounds "9"]
[EventCountry "LAT"]
[SourceTitle "CBM 186 Extra"]
[Source "ChessBase"]
[SourceDate "2018.08.24"]
[SourceVersion "1"]
[SourceVersionDate "2018.08.24"]
[SourceQuality "1"]

1. e4 c5 2. Nf3 e6 3. d4 cxd4 4. Nxd4 Nf6 5. Nc3 d6 6. Be2 a6 7. 0-0 Be7 8. Be3 Nc6 9. Kh1 0-0 10. a4 Qc7 11. f4 Nxd4 12. Qxd4 Bd7 13. Rad1 Bc6 14. Bf3 e5 15. Qd3 b5 16. axb5 axb5 17. Rfe1 Rfe8 18. Ne2 Rad8 19. c3 d5 20. exd5 e4 21. Bxe4 Nxe4 22. Qxe4 Bh4 23. Qf3 Bxe1 24. Rxe1 Bxd5 25. Qg3 Re4 26. Nd4 Rde8 27. Nf5 f6 28. Rd1 Bb3 29. Ra1 Qd7 30. Nh6+ Kh8 31. Ng4 h5 32. Nxf6 gxf6 33. Bd4 Qg7 34. Qh4 Kg8 35. Rg1 Rxd4 36. cxd4 Qg4 37. Qf2 Re2 38. Qf1 Bd5 39. b4 h4 0-1

[Event "Voronezh op-B 22nd"]
[Site "Voronezh"]
[Date "2018.06.15"]
[Round "4"]
[White "Savoskin, Vladimir"]
[Black "Strukova, Ksenia"]
[Result "1-0"]
[WhiteElo "1743"]
[BlackElo "1994"]
[PlyCount "123"]
[EventDate "2018.06.12"]
[EventType "swiss"]
[EventRounds "9"]
[EventCountry "RUS"]
[SourceTitle "CBM 185 Extra"]
[Source "ChessBase"]
[SourceDate "2018.07.29"]
[SourceVersion "1"]
[SourceVersionDate "2018.07.29"]
[SourceQuality "1"]

1. Nf3 Nf6 2. b3 g6 3. Bb2 Bg7 4. e3 d5 5. Be2 0-0 6. 0-0 Bg4 7. d4 Nbd7 8. Nbd2 Re8 9. Rc1 c6 10. c4 dxc4 11. Bxc4 Nb6 12. Bxf7+ Kxf7 13. Ne5+ Kg8 14. Nxg4 Nfd5 15. Nc4 Nd7 16. Qe2 h5 17. Nge5 Nxe5 18. Nxe5 Bxe5 19. dxe5 Qa5 20. Bd4 Rac8 21. f4 e6 22. e4 Nb4 23. f5 Qa6 24. Rc4 exf5 25. exf5 c5 26. Ba1 b5 27. Re4 Qxa2 28. Qxb5 Qa6 29. Qxa6 Nxa6 30. fxg6 Re6 31. Rf6 Rce8 32. Ref4 Nc7 33. Rxe6 Nxe6 34. Rf7 a6 35. Ra7 Nf4 36. Rxa6 Re6 37. Rxe6 Nxe6 38. Kf2 Nf4 39. g3 Nxg6 40. Ke3 Kf7 41. Ke4 Ke6 42. Bb2 h4 43. g4 Nf8 44. h3 Nd7 45. Bc3 Nb6 46. Be1 Nd7 47. Bxh4 Nxe5 48. Bf2 c4 49. bxc4 Nxc4 50. Be3 Nd6+ 51. Kf4 Kf6 52. h4 Ne8 53. h5 Nc7 54. g5+ Kf7 55. Ke5 Ne8 56. Bd4 Kg8 57. Kf5 Kh7 58. Be5 Ng7+ 59. Kg4 Ne6 60. g6+ Kg8 61. Kf5 Nf8 62. h6 1-0

[Event "RUS-chT rapid (Women)"]
[Site "Sochi"]
[Date "2017.10.04"]
[Round "7.1"]
[White "Strukova, Ksenia"]
[Black "Pogonina, Natalija"]
[Result "0-1"]
[WhiteElo "2052"]
[BlackElo "2466"]
[PlyCount "116"]
[EventDate "2017.10.03"]
[EventType "team-tourn (rapid)"]
[EventRounds "7"]
[EventCountry "RUS"]
[SourceTitle "EXT 2018"]
[Source "ChessBase"]
[SourceDate "2017.10.13"]
[SourceVersion "1"]
[SourceVersionDate "2017.10.13"]
[SourceQuality "1"]
[WhiteTeam "Moscow Botvinnik School (W)"]
[BlackTeam "Khanty Mansyisk Yugra (W)"]
[WhiteTeamCountry "RUS"]
[BlackTeamCountry "RUS"]

1. e4 e5 2. Nf3 Nc6 3. Bc4 Bc5 4. c3 Nf6 5. d3 d6 6. Nbd2 a6 7. h3 Ba7 8. Nf1 Ne7 9. Bg5 Ng6 10. Ng3 Nf4 11. 0-0 h6 12. Bxf4 exf4 13. Ne2 Nh5 14. a4 0-0 15. Qd2 Qf6 16. Kh2 Be6 17. Bxe6 fxe6 18. d4 Qg6 19. e5 d5 20. Rad1 c5 21. Qd3 Qxd3 22. Rxd3 Rac8 23. Rfd1 g5 24. R1d2 Ng7 25. dxc5 Rxc5 26. Ned4 Rfc8 27. Rd1 Rc4 28. Ra1 Kf7 29. Nd2 R4c7 30. N2f3 Kg6 31. g4 fxg3+ 32. fxg3 Rf7 33. Kg2 Nf5 34. g4 Nxd4 35. Nxd4 Bxd4 36. cxd4 Rc2+ 37. Kg1 Rxb2 38. Rdd1 Rff2 39. Rd3 h5 40. gxh5+ Kxh5 41. Rc1 Rfd2 42. Rxd2 Rxd2 43. Rc7 Rxd4 44. Rxb7 Re4 45. Rb6 Rxe5 46. Rxa6 Kh4 47. Kg2 Re3 48. Ra8 Rg3+ 49. Kf2 Kxh3 50. a5 Ra3 51. a6 Kg4 52. a7 e5 53. Ke2 d4 54. Kd2 Kg3 55. Ke2 g4 56. Kd2 e4 57. Ke2 Ra2+ 58. Ke1 e3 0-1

[Event "EU School-ch U15 Girls"]
[Site "Budva"]
[Date "2017.06.17"]
[Round "7"]
[White "Strukova, Ksenia"]
[Black "Tahirova, Sevil"]
[Result "1-0"]
[WhiteElo "1788"]
[BlackElo "1682"]
[PlyCount "135"]
[EventDate "2017.06.11"]
[EventType "swiss"]
[EventRounds "9"]
[EventCountry "MNE"]
[SourceTitle "EXT 2024"]
[Source "ChessBase"]
[SourceDate "2023.10.10"]
[SourceVersion "1"]
[SourceVersionDate "2023.10.10"]
[SourceQuality "1"]

1. e4 c5 2. Nf3 d6 3. d4 cxd4 4. Nxd4 Nf6 5. Nc3 a6 6. Be2 e5 7. Nb3 Be6 8. a4 Be7 9. Be3 Nbd7 10. 0-0 0-0 11. Bf3 Rc8 12. Re1 Qc7 13. a5 Nc5 14. Re2 Nfd7 15. Rd2 Rfd8 16. g3 Rb8 17. Bg2 b5 18. axb6 Rxb6 19. Nxc5 Nxc5 20. Bxc5 dxc5 21. Rxd8+ Qxd8 22. Qxd8+ Bxd8 23. Na4 Rc6 24. Bf1 c4 25. Nc3 a5 26. Ra4 Rc5 27. Nd1 Bg5 28. Nc3 Bc1 29. Nd5 Bxd5 30. exd5 Rxd5 31. Rxc4 Rd8 32. b3 f6 33. Rc5 Bd2 34. Bc4+ Kh8 35. Rd5 Rxd5 36. Bxd5 g6 37. Kf1 Kg7 38. Ke2 Bb4 39. Kd3 Kf8 40. Kc4 Ke7 41. c3 Bd6 42. Kb5 Bc7 43. Kc6 Kd8 44. Bg8 h6 45. Bh7 g5 46. Bf5 Bb8 47. b4 a4 48. f3 a3 49. Bb1 Kc8 50. b5 e4 51. fxe4 Be5 52. c4 h5 53. c5 h4 54. gxh4 gxh4 55. h3 Bf4 56. Ba2 Kb8 57. b6 Be5 58. Kb5 Ka8 59. c6 Kb8 60. Ka4 Bd6 61. Kb5 Be5 62. Kc5 Bf4 63. Kd5 Be3 64. c7+ Kb7 65. Kd6 Bxb6 66. Bd5+ Kc8 67. Be6+ Kb7 68. c8Q+ 1-0

[Event "EU School-ch U15 Girls"]
[Site "Budva"]
[Date "2017.06.13"]
[Round "3"]
[White "Strukova, Ksenia"]
[Black "Gyrgenova, Ekaterina"]
[Result "1/2-1/2"]
[WhiteElo "1788"]
[BlackElo "1895"]
[PlyCount "105"]
[EventDate "2017.06.11"]
[EventType "swiss"]
[EventRounds "9"]
[EventCountry "MNE"]
[SourceTitle "EXT 2024"]
[Source "ChessBase"]
[SourceDate "2023.10.10"]
[SourceVersion "1"]
[SourceVersionDate "2023.10.10"]
[SourceQuality "1"]

1. e4 c5 2. Nf3 d6 3. d4 cxd4 4. Nxd4 Nf6 5. Nc3 a6 6. Be2 e6 7. 0-0 Be7 8. a4 0-0 9. Be3 Nc6 10. f4 Qc7 11. Bf3 Bd7 12. Kh1 Rfe8 13. g4 Kh8 14. Nb3 b6 15. Bg2 Bc8 16. g5 Nd7 17. Rf3 Bb7 18. Rh3 Nf8 19. Qe2 Rad8 20. Qf2 Nd7 21. f5 exf5 22. Nd5 Qc8 23. Qxf5 Nf8 24. Qxc8 Rxc8 25. Nxb6 Rb8 26. Nd5 Bd8 27. Rf1 Ne5 28. Bf4 Nfg6 29. Bd2 Kg8 30. Rg3 Nc4 31. Bc3 Bxd5 32. exd5 Ne3 33. Re1 Bb6 34. Bd4 Bxd4 35. Nxd4 Nc4 36. Rxe8+ Rxe8 37. h3 Nxb2 38. Nf5 Nc4 39. Rc3 Nge5 40. Bf1 Nb6 41. Nxd6 Rd8 42. Nf5 Nxa4 43. Re3 f6 44. gxf6 gxf6 45. Bxa6 Kf8 46. c4 Nb6 47. Re4 Nbd7 48. Bb5 Nc5 49. Rh4 Kg8 50. Nh6+ Kg7 51. Nf5+ Kg8 52. Rh6 Ng6 53. Rh5 1/2-1/2

[Event "RUS-chT U14 Girls"]
[Site "Sochi"]
[Date "2017.05.02"]
[Round "2.2"]
[White "Bulatova, Kamaliya"]
[Black "Strukova, Ksenia"]
[Result "1/2-1/2"]
[WhiteElo "2009"]
[BlackElo "1762"]
[PlyCount "80"]
[EventDate "2017.05.01"]
[EventType "team-tourn"]
[EventRounds "7"]
[EventCountry "RUS"]
[SourceTitle "CBM 178 Extra"]
[Source "ChessBase"]
[SourceDate "2017.06.22"]
[SourceVersion "1"]
[SourceVersionDate "2017.06.22"]
[SourceQuality "1"]

1. d4 d5 2. c4 e6 3. Nc3 a6 4. cxd5 exd5 5. Nf3 Nf6 6. Bg5 Be6 7. e3 Nbd7 8. Bd3 h6 9. Bh4 g5 10. Bg3 Nh5 11. Be5 Ng7 12. h3 Nxe5 13. Nxe5 Bd6 14. Nf3 c6 15. a3 Qe7 16. Rc1 Rd8 17. Na4 0-0 18. Nc5 Bxc5 19. Rxc5 Bf5 20. Bxf5 Nxf5 21. Ne5 Rfe8 22. 0-0 f6 23. Ng4 h5 24. Qd3 hxg4 25. Qxf5 gxh3 26. gxh3 Kg7 27. Kh2 Rh8 28. Rg1 Qd7 29. Qxd7+ Rxd7 30. b4 Kf7 31. a4 Ke6 32. Rg3 Rdh7 33. Kg2 Kd6 34. Rc1 Re8 35. Rg4 Reh8 36. Rh1 Rh5 37. Rg3 R5h6 38. a5 Rh5 39. Re1 Re8 40. Rf3 Rh6 1/2-1/2

[Event "EU-ch U14 Girls 26th"]
[Site "Prague"]
[Date "2016.08.26"]
[Round "8"]
[White "Moscicka, Pola"]
[Black "Strukova, Ksenia"]
[Result "1-0"]
[WhiteElo "1853"]
[BlackElo "1894"]
[PlyCount "63"]
[EventDate "2016.08.18"]
[EventType "swiss"]
[EventRounds "9"]
[EventCountry "CZE"]
[SourceTitle "CBM 174 Extra"]
[Source "ChessBase"]
[SourceDate "2016.10.10"]
[SourceVersion "1"]
[SourceVersionDate "2016.10.10"]
[SourceQuality "1"]

1. d4 Nf6 2. c4 d6 3. Nc3 e5 4. Nf3 exd4 5. Nxd4 Nbd7 6. e4 Nc5 7. f3 a5 8. Be2 g6 9. 0-0 Bg7 10. Kh1 h5 11. Bg5 Ne6 12. Be3 h4 13. f4 h3 14. g3 Nc5 15. Bf3 Qe7 16. e5 dxe5 17. Nc6 bxc6 18. Bxc6+ Bd7 19. Bxa8 c6 20. fxe5 Ng4 21. Bxc5 Qxc5 22. Ne4 Qe3 23. Nd6+ Kd8 24. Nxf7+ Ke8 25. Qe1 Qd4 26. e6 Ne3 27. exd7+ Ke7 28. Rf3 Rxa8 29. Qxe3+ Qxe3 30. Rxe3+ Kxf7 31. Rf1+ Bf6 32. Re8 1-0

[Event "EU-ch U14 Girls 26th"]
[Site "Prague"]
[Date "2016.08.22"]
[Round "5"]
[White "Strukova, Ksenia"]
[Black "Vinokur, Yuliya"]
[Result "0-1"]
[WhiteElo "1894"]
[BlackElo "1976"]
[PlyCount "88"]
[EventDate "2016.08.18"]
[EventType "swiss"]
[EventRounds "9"]
[EventCountry "CZE"]
[SourceTitle "CBM 174 Extra"]
[Source "ChessBase"]
[SourceDate "2016.10.10"]
[SourceVersion "1"]
[SourceVersionDate "2016.10.10"]
[SourceQuality "1"]

1. e4 d5 2. exd5 Nf6 3. d4 Nxd5 4. c4 Nb6 5. Nc3 e5 6. d5 Bb4 7. Qb3 Bxc3+ 8. Qxc3 0-0 9. Be2 c6 10. dxc6 Nxc6 11. Be3 Nd4 12. Bxd4 exd4 13. Qd3 Na4 14. Qa3 Bd7 15. Nf3 Re8 16. Rd1 Qb6 17. Nxd4 Re4 18. c5 Qxb2 19. Qxb2 Nxb2 20. Rd2 Na4 21. 0-0 Nxc5 22. Rc1 Ne6 23. Nb3 Bc6 24. h3 Ra4 25. Bc4 Ra3 26. Re1 Re8 27. Rde2 Kf8 28. Nc1 Nf4 29. Rxe8+ Bxe8 30. Bb3 Bc6 31. f3 Ra5 32. Rd1 Rc5 33. Kh2 Rc3 34. Kg3 g5 35. Kh2 a5 36. a4 h5 37. Rd8+ Ke7 38. Rd1 Kf6 39. Rd6+ Kg7 40. Rd1 h4 41. Re1 Kf6 42. Rd1 Nxg2 43. Ne2 Rxb3 44. Kxg2 Bxf3+ 0-1

[Event "EU-ch U14 Girls 26th"]
[Site "Prague"]
[Date "2016.08.19"]
[Round "2"]
[White "Vetshtein, Lior"]
[Black "Strukova, Ksenia"]
[Result "1-0"]
[WhiteElo "1489"]
[BlackElo "1894"]
[PlyCount "91"]
[EventDate "2016.08.18"]
[EventType "swiss"]
[EventRounds "9"]
[EventCountry "CZE"]
[SourceTitle "CBM 174 Extra"]
[Source "ChessBase"]
[SourceDate "2016.10.10"]
[SourceVersion "1"]
[SourceVersionDate "2016.10.10"]
[SourceQuality "1"]

1. e4 c5 2. Nc3 e6 3. g3 g6 4. Bg2 Bg7 5. d3 Nc6 6. Be3 d6 7. Qd2 Qb6 8. Rb1 h5 9. Nge2 Nge7 10. f4 Bd7 11. a3 Nd4 12. 0-0 a5 13. Bf2 Nxe2+ 14. Nxe2 0-0 15. c3 Qa6 16. b4 axb4 17. axb4 cxb4 18. Rxb4 b5 19. c4 Qa5 20. e5 Rab8 21. exd6 Nf5 22. c5 Rfc8 23. Rfb1 Nh6 24. Nd4 Bxd4 25. Bxd4 Nf5 26. Bf2 Nh6 27. Qb2 Qd8 28. Rc1 Rc6 29. Bxc6 Bxc6 30. Ra1 Qd7 31. Rba4 Ng4 32. Ra7 Bb7 33. Bd4 Qc6 34. Rxb7 Qxb7 35. Bh8 f6 36. Bxf6 Qc6 37. Bd4 Qb7 38. Qc2 Rc8 39. Qg2 Rc6 40. Qe4 Kf7 41. h3 Nh6 42. Ra7 Qxa7 43. Qxc6 Qa4 44. Qd7+ Kf8 45. Qe7+ Kg8 46. Qg7# 1-0